000 00323nam a2200133Ia 4500
100 _aOsborne/Adme
942 _cBK
654 _aMicrocomputers
245 _aIntroduction To Microcomputers The Beginner''''s Book
260 _bMcGraw Hill
_aCailfornia
_c1982
082 _a621.3
_bOsb
300 _a233
546 _aENGLISH
999 _c27955
_d27955